<?xml version="1.0" encoding="UTF-8"?>
<record
    xmlns:xsi="http://www.w3.org/2001/XMLSchema-instance"
    xsi:schemaLocation="http://www.loc.gov/MARC21/slim http://www.loc.gov/standards/marcxml/schema/MARC21slim.xsd"
    xmlns="http://www.loc.gov/MARC21/slim">

  <leader>00554nam a22001457a 4500</leader>
  <datafield tag="999" ind1=" " ind2=" ">
    <subfield code="c">134168</subfield>
    <subfield code="d">134168</subfield>
  </datafield>
  <controlfield tag="005">20240524115636.0</controlfield>
  <controlfield tag="008">240524b           ||||| |||| 00| 0 eng d</controlfield>
  <datafield tag="040" ind1=" " ind2=" ">
    <subfield code="c">PK-LaUMT</subfield>
  </datafield>
  <datafield tag="082" ind1=" " ind2=" ">
    <subfield code="a">APC 297.4092</subfield>
    <subfield code="b">HUS-N</subfield>
  </datafield>
  <datafield tag="100" ind1=" " ind2=" ">
    <subfield code="a">Hussain Azad, Muhammad = &#x62D;&#x633;&#x6CC;&#x646; &#x622;&#x632;&#x627;&#x62F;&#x60C; &#x645;&#x62D;&#x645;&#x62F;</subfield>
  </datafield>
  <datafield tag="245" ind1=" " ind2=" ">
    <subfield code="a">Nigharistan Faris =   &#x646;&#x6AF;&#x627;&#x631;&#x633;&#x62A;&#x627;&#x646; &#x641;&#x627;&#x631;&#x633; &#x6CC;&#x639;&#x646;&#x6CC; &#x645;&#x634;&#x627;&#x6C1;&#x6CC;&#x631; &#x634;&#x639;&#x631;&#x627;&#x626;&#x6D2; &#x641;&#x627;&#x631;&#x633;&#x6CC; &#x6A9;&#x6D2; &#x633;&#x648;&#x627;&#x646;&#x62D; &#x639;&#x645;&#x631;&#x6CC; /</subfield>
    <subfield code="c">by  Muhammad Hussain Azad = &#x645;&#x62D;&#x645;&#x62F; &#x62D;&#x633;&#x6CC;&#x646; &#x622;&#x632;&#x627;&#x62F;</subfield>
  </datafield>
  <datafield tag="260" ind1=" " ind2=" ">
    <subfield code="a">Lahore :</subfield>
    <subfield code="b">Maqbool Academy,</subfield>
    <subfield code="c">1988</subfield>
  </datafield>
  <datafield tag="300" ind1=" " ind2=" ">
    <subfield code="a">236 p.</subfield>
  </datafield>
  <datafield tag="942" ind1=" " ind2=" ">
    <subfield code="c">BK</subfield>
  </datafield>
  <datafield tag="952" ind1=" " ind2=" ">
    <subfield code="0">0</subfield>
    <subfield code="1">0</subfield>
    <subfield code="4">0</subfield>
    <subfield code="7">0</subfield>
    <subfield code="a">01</subfield>
    <subfield code="b">01</subfield>
    <subfield code="d">2024-05-24</subfield>
    <subfield code="l">0</subfield>
    <subfield code="o">APC 297.4092 HUS-N</subfield>
    <subfield code="p">146736</subfield>
    <subfield code="r">2024-05-24 00:00:00</subfield>
    <subfield code="w">2024-05-24</subfield>
    <subfield code="y">BK</subfield>
  </datafield>
</record>
